00250nam a2200109Ia 4500100001000000654001900010245004300029260003300072082001500105300000800120546001200128 aCEDT  aThe intel 8085 aThe Intel 8085/ A Family Data Manual bIndian institute of Science a4.16bCEDT a239 aENGLISH